000 00938nam a22003257a 4500
001 0010263
003 KOHA_MİRAKIL
005 20260207001737.0
007 ta
008 091105b1999 tu |||gr||||#||||0|tur |
020 _a9753623836
040 _aTR-BiSEU
_btur
_cTR-BiSEU
_erda
041 0 _atur
044 _ctu
050 _aJX1391
_b.I53 1999
100 1 _aİnan, Kamran.
245 1 _aDış politika/
_cKamran İnan ; Kamran İnan.
264 1 _aİstanbul :
_bTimaş
_c1999
300 _a160 sayfa
336 _ametin
_btxt
_2rdacontent
337 _aaracısız
_bn
_2rdamedia
338 _acilt
_bnc
_2rdacarrier
490 1 _aTimaş yayınları ;
_v455.
490 1 _aTürkiye gerçeği dizisi ;
_v17.
650 0 _aTurkey--Foreign relations.
_94972
650 0 _aPolitical science.
_98744
830 1 _aTimaş yayınları ;
_v455.
_98079
830 1 _aTürkiye gerçeği dizisi ;
_v17.
_98080
942 _2lcc
_cBK
999 _c10235
_d10235